Novela vyhlášky o majetku, ktorý sa neuvádza v majetkovom priznaní

S účinnosťou od 1. januára 2000 sa mení vyhláškou č. 362/1999 Z.z. vyhláška č. 102/1993 Z.z. o majetku, ktorý sa neuvádza v majetkovom priznaní. Postup pri uvádzaní majetku podľa novelizovanej vyhlášky, ktorou sa mení okruh majetku, ktorý sa neuvádza v majetkovom priznaní a jeho výška.

Salvato in:
Dettagli Bibliografici
Autore principale: Chrenková, Slávka
Natura: Capitolo di libro
Lingua:slovacco
Soggetti:
Tags: Aggiungi Tag
Nessun Tag, puoi essere il primo ad aggiungerne!!

MARC

LEADER 00000naa a2200000 4500
001 r037599
005 20230919090546.1
041 0 |a slo 
044 |a SK 
245 1 0 |a Novela vyhlášky o majetku, ktorý sa neuvádza v majetkovom priznaní  |c Slávka Chrenková 
520 |a S účinnosťou od 1. januára 2000 sa mení vyhláškou č. 362/1999 Z.z. vyhláška č. 102/1993 Z.z. o majetku, ktorý sa neuvádza v majetkovom priznaní. Postup pri uvádzaní majetku podľa novelizovanej vyhlášky, ktorou sa mení okruh majetku, ktorý sa neuvádza v majetkovom priznaní a jeho výška. 
610 2 0 |a priznania majetkové 
610 2 0 |a vyhlášky 
610 2 0 |a novelizácia 
610 2 0 |a majetok 
610 2 0 |a hnuteľnosti 
610 2 0 |a nehnuteľnosti 
610 2 0 |a 2000 
100 1 |a Chrenková, Slávka